000
00299nam a22001337a 4500
008
170809b xxu||||| |||| 00| 0 eng d
020
_a
563180
041
_a
eng
080
_a
004
100
_a
35
101
_a
SHKI
245
_a
MODEL THEORY AND ITS APPLICATIONS
_c
KOPPERMAN, R
942
_2
udc
_c
BK
999
_c
23050
_d
23050